Movies by Card Game Scene Quiz Stats

 Plays Quiz Updated Jul 29, 2015

Challenge
Share
Tweet
Score 0/25 Timer 08:00
1 Play Today
% Correct
Casino Royale
90.8%
Titanic
89.5%
The 40-Year-Old Virgin
89%
The Hangover
85.5%
Rain Man
81.5%
One Flew Over the Cuckoo's Nest
79.8%
Goodfellas
77.4%
Ocean's Eleven
73.1%
Stand By Me
72.5%
The Parent Trap
72.3%
Casino
65%
Maverick
56.7%
Leaving Las Vegas
56.4%
% Correct
21
55.6%
How to Lose a Guy in 10 Days
54.8%
Cool Hand Luke
50.5%
Austin Powers: International Man of Mystery
47.6%
The Sting
45.8%
Rounders
43.7%
The Odd Couple
41.9%
Swingers
40.6%
Tombstone
34.5%
Training Day
32.8%
A Streetcar Named Desire
24.6%
In Time
23.6%

You're not logged in!

Compare scores with friends on all Sporcle quizzes.
Join for Free
OR
Log In

You Might Also Like...

Show Comments

Extras

Top Quizzes Today


Score Distribution

Your Account Isn't Verified!

In order to create a playlist on Sporcle, you need to verify the email address you used during registration. Go to your Sporcle Settings to finish the process.

Report this User

Report this user for behavior that violates our Community Guidelines.

Details: